Deutsche Fußball-Nationalspieler 2023 - Statistiken

Allgemein
  • Dieses Quiz wurde 674 mal gespielt
    404 seit der letzten Aktualisierung
  • Das Durchschnittsergebnis liegt bei 22 aus 40
Antwortstatistiken
Hint Antwort % Korrekt
Tor Marc-André ter Stegen
96%
Mittelfeld Joshua Kimmich
90%
Angriff Leroy Sané
86%
Angriff Thomas Müller
85%
Mittelfeld Jamal Musiala
83%
Abwehr Antonio Rüdiger
82%
Angriff Niclas Füllkrug
82%
Angriff Serge Gnabry
82%
Mittelfeld Leon Goretzka
80%
Tor Kevin Trapp
79%
Mittelfeld Florian Wirtz
78%
Abwehr Nico Schlotterbeck
77%
Abwehr Jonathan Tah
75%
Abwehr Mats Hummels
75%
Angriff Kai Havertz
73%
Abwehr David Raum
72%
Mittelfeld İlkay Gündoğan
68%
Abwehr Niklas Süle
65%
Mittelfeld Emre Can
57%
Mittelfeld Julian Brandt
56%
Mittelfeld Robert Andrich
55%
Abwehr Benjamin Henrichs
52%
Angriff Timo Werner
51%
Abwehr Robin Gosens
50%
Mittelfeld Pascal Groß
45%
Abwehr Matthias Ginter
44%
Abwehr Lukas Klostermann
37%
Mittelfeld Jonas Hofmann
35%
Mittelfeld Chris Führich
34%
Abwehr Christian Günter
34%
Mittelfeld Mario Götze
34%
Abwehr Thilo Kehrer
34%
Angriff Marvin Ducksch
31%
Abwehr Malick Thiaw
26%
Angriff Kevin Behrens
24%
Angriff Felix Nmecha
22%
Abwehr Marius Wolf
17%
Mittelfeld Kevin Schade
14%
Abwehr Josha Vagnoman
13%
Angriff Mërgim Berisha
7%
Keine übereinstimmenden Quizze gefunden
Verteilung der Resultate
Anzahl Personen mit jedem Resultat
Perzentil nach korrekt beantworteten Fragen
Ihre Resultats-Entwicklung
Sie haben dieses Quiz seit der letzten Aktualisierung nicht gespielt